000 00816nam a2200253Ia 4500
003 OSt
005 20220923215913.0
006 a|||||r|||| 00| 0
007 ta
008 220922b |||||||| |||| 00| 0 hin d
024 _a182,716
037 _cTextual
040 _aARTS
_cARTS
_bhin
041 _2hin
_ahin
082 _aO152,1:gN, M0
100 _aमिश्र, राजेन्द्र
245 0 _aनयी कविता की पहचान
246 _aNayī kavitā kī pahachāna
260 _aदिल्ली
_b वाणी प्रकाशन
_c1980
300 _a82 पृ.
_ccm.
650 _aहिन्दी साहित्य
_9156264
942 _hO152,1:gN, M0
_cTEXL
_2CC
999 _c336080
_d336080